| 000 | 00630nam a2200205 a 4500 | ||
|---|---|---|---|
| 001 | 000024201 | ||
| 005 | 20200930022814.0 | ||
| 008 | 110120s1970 ck r 000 |aspa d | ||
| 040 |
_aDO-SdBNP _bspa _cBNPHU |
||
| 082 |
_a923.282 _bG939L |
||
| 100 | 1 |
_aPardo Llada, José _929758 |
|
| 245 | 1 | 3 |
_aEl "Che" que yo conoci / _cJosé Pardo Llada. |
| 250 | _a4a ed. | ||
| 260 |
_aMedellín, (Colombia) : _bEditorial Bedout, _c1970. |
||
| 300 |
_a142 p. ; _c19 cm. |
||
| 490 | 1 |
_aBolsilibros Bedout _v60 |
|
| 600 | 1 | 4 |
_aGUEVARA, ERNESTO, 1928-1967 _919253 |
| 650 | 4 |
_aCuba _xPolítica y gobierno _949706 |
|
| 650 | 4 |
_aCuba _xHistoria _923448 |
|
| 999 |
_c23695 _d23695 |
||